[Event "World Junior Championships (Girls)"]
[Site "Chennai IND"]
[Date "2011.08.13"]
[EventDate "2011.08.02"]
[Round "11"]
[Result "0-1"]
[White "Kubra Ozturk"]
[Black "Olga Girya"]
[WhiteElo "2258"]
[BlackElo "2371"]
[PlyCount "82"]

1. d4 d5 2. c4 c6 3. Qc2 Nf6 4. Nf3 dxc4 5. Qxc4 Bf5 6. g3 e6
7. Bg2 Nbd7 8. Nc3 Be7 9. O-O O-O 10. e3 Ne4 11. Nd2 Nxd2
12. Bxd2 Bg6 13. f4 Rc8 14. Qe2 b5 15. Rfc1 b4 16. Na4 Qa5
17. b3 c5 18. Nb2 cxd4 19. Nc4 Qb5 20. exd4 Nb6 21. Bf3 Rfd8
22. Ne5 Qxe2 23. Bxe2 Be4 24. Rxc8 Rxc8 25. Rc1 Rxc1+ 26. Bxc1
f6 27. Nd3 Nd5 28. Nc5 Nc3 29. Kf2 Bd5 30. a3 Nxe2 31. Kxe2
bxa3 32. Bxa3 Bxb3 33. Ke3 Kf7 34. g4 Bd1 35. h3 h5 36. Kd2
hxg4 37. hxg4 Bxg4 38. Bb2 Bf3 39. Ke3 Bd5 40. Bc3 Kg6 41. Na6
Bd6 0-1

[Event "World Junior Championships (Girls)"]
[Site "Chennai IND"]
[Date "2011.08.14"]
[EventDate "2011.08.02"]
[Round "12"]
[Result "0-1"]
[White "Inna Agrest"]
[Black "Kubra Ozturk"]
[WhiteElo "2220"]
[BlackElo "2258"]
[PlyCount "128"]

1. e4 e5 2. Nf3 Nc6 3. Bb5 a6 4. Ba4 d6 5. c3 Bd7 6. O-O g6
7. d4 Bg7 8. Re1 Nge7 9. Be3 O-O 10. Nbd2 b5 11. Bc2 f5
12. dxe5 Nxe5 13. Nxe5 dxe5 14. f3 Be6 15. Nb3 f4 16. Bf2 Nc8
17. Nc5 Bf7 18. Bb3 Qd6 19. Qc2 Nb6 20. Red1 Qc6 21. a4 Nc4
22. axb5 axb5 23. h3 Rxa1 24. Rxa1 Rd8 25. Rd1 Rd6 26. Rxd6
cxd6 27. Nd3 g5 28. Nb4 Qa8 29. Bxc4 bxc4 30. Qd1 Bf8 31. Nd5
Kg7 32. b3 cxb3 33. Qxb3 Qa1+ 34. Kh2 Qf1 35. Bb6 h5 36. Bd8
g4 37. hxg4 hxg4 38. fxg4 f3 39. gxf3 Qf2+ 40. Kh1 Qxf3+
41. Kh2 Qe2+ 42. Kg3 Qd3+ 43. Kf2 Qxe4 44. c4 Qxg4 45. Qb5
Qd4+ 46. Kg2 Qd2+ 47. Kg3 Qe1+ 48. Kg2 Qe2+ 49. Kg3 Be6
50. Qb7+ Kg6 51. Ne7+ Kh6 52. Qh1+ Kg7 53. Nd5 Qg4+ 54. Kf2
Qd4+ 55. Kg3 Qd3+ 56. Kf2 Qxc4 57. Nf6 Qd4+ 58. Kg3 Qd3+
59. Kf2 d5 60. Qg1+ Qg6 61. Qa1 Bc5+ 62. Kf3 Qf5+ 63. Ke2 Qf2+
64. Kd3 Bf5+ 0-1

[Event "World Junior Championships (Girls)"]
[Site "Chennai IND"]
[Date "2011.08.15"]
[EventDate "2011.08.02"]
[Round "13"]
[Result "0-1"]
[White "Irina Bulmaga"]
[Black "Kubra Ozturk"]
[WhiteElo "2293"]
[BlackElo "2258"]
[PlyCount "80"]

1. e4 e5 2. Nf3 Nc6 3. Bc4 Be7 4. O-O Nf6 5. d3 O-O 6. Re1 d6
7. a4 Na5 8. Ba2 c5 9. Bd2 Nc6 10. Nc3 Kh8 11. h3 Nd4 12. Nxd4
exd4 13. Ne2 Be6 14. c3 Bxa2 15. Rxa2 dxc3 16. Bxc3 d5 17. e5
Ne8 18. d4 b6 19. b3 Nc7 20. dxc5 bxc5 21. Ba5 d4 22. b4 Qd5
23. Rd2 Ne6 24. Nc3 Qb7 25. Nb5 f6 26. Qf3 Qxf3 27. gxf3 Ng5
28. Kg2 fxe5 29. Rxe5 Nxf3 30. Rxe7 Nxd2 31. bxc5 Nc4 32. Bc7
d3 33. Rd7 d2 34. Nc3 Rac8 35. Kg3 Kg8 36. c6 Rf6 37. Bf4
Rfxc6 38. Ne4 Rf8 39. Nxd2 Rg6+ 40. Kh4 Rxf4+ 0-1

[Event "European Club Cup (Women)"]
[Site "Rogaska Slatina SLO"]
[Date "2011.09.25"]
[EventDate "2011.09.25"]
[Round "1.4"]
[Result "1-0"]
[White "Anna Zatonskih"]
[Black "Kubra Ozturk"]
[WhiteElo "2508"]
[BlackElo "2260"]
[PlyCount "101"]

1. d4 d5 2. c4 dxc4 3. e4 e5 4. Nf3 exd4 5. Bxc4 Bb4+ 6. Bd2
Bxd2+ 7. Nbxd2 Nc6 8. Nb3 Bg4 9. Bb5 Ne7 10. Qxd4 O-O 11. Qc3
a6 12. Rd1 Qe8 13. Be2 Ng6 14. h3 Bc8 15. Qe3 f5 16. exf5 Bxf5
17. O-O Qxe3 18. fxe3 Rae8 19. Nc5 Rxe3 20. Bc4+ Kh8 21. Nxb7
h6 22. Nd4 Nxd4 23. Rxd4 Be6 24. Rxf8+ Nxf8 25. b3 Bxc4
26. Rxc4 Re2 27. Ra4 Ne6 28. Kf1 Rc2 29. Rxa6 Nf4 30. Ra8+ Kh7
31. a4 Nxg2 32. a5 Ne3+ 33. Kg1 Kg6 34. Re8 Nd5 35. Re5 Nf4
36. a6 Rc1+ 37. Kh2 Rc2+ 38. Kg1 Rc1+ 39. Kh2 Kf6 40. Ra5 Rc2+
41. Kg1 Ne2+ 42. Kf1 Ng3+ 43. Ke1 Re2+ 44. Kd1 Re8 45. Rc5 Ra8
46. Rc6+ Ke5 47. b4 Ne4 48. b5 Kd4 49. Kc2 Nd6 50. Nxd6 cxd6
51. Rc7 1-0

[Event "European Club Cup (Women)"]
[Site "Rogaska Slatina SLO"]
[Date "2011.09.26"]
[EventDate "2011.09.25"]
[Round "2.4"]
[Result "1-0"]
[White "Pia Cramling"]
[Black "Kubra Ozturk"]
[WhiteElo "2489"]
[BlackElo "2260"]
[PlyCount "99"]

1. d4 d5 2. Nf3 c5 3. e3 Nc6 4. c3 e6 5. Bd3 Nf6 6. Nbd2 Be7
7. O-O O-O 8. dxc5 Bxc5 9. e4 Qc7 10. Qe2 dxe4 11. Nxe4 Be7
12. Nxf6+ Bxf6 13. Re1 e5 14. h4 g6 15. Bh6 Re8 16. Ng5 Bg7
17. Bc4 Nd8 18. Bxg7 Kxg7 19. Rad1 f6 20. Ne4 Be6 21. Bd5 Nf7
22. Qb5 Bxd5 23. Rxd5 Rad8 24. Red1 Rxd5 25. Rxd5 Rd8 26. Rxd8
Nxd8 27. Qd5 b6 28. c4 Nf7 29. c5 bxc5 30. Nxc5 Qb6 31. b3 Qb4
32. g3 f5 33. Kg2 Qc3 34. Ne6+ Kf6 35. Nf8 e4 36. Nxh7+ Kg7
37. Ng5 Nxg5 38. hxg5 a5 39. Qd7+ Kf8 40. Qd6+ Kg7 41. Kh2 Qb2
42. Qc7+ Kg8 43. Qb6 Kf7 44. Kg2 Qc3 45. Qe3 Qc7 46. Qd4 Qc6
47. Kh2 Kf8 48. Qd8+ Kf7 49. Qxa5 Qc2 50. Qb6 1-0

[Event "European Club Cup (Women)"]
[Site "Rogaska Slatina SLO"]
[Date "2011.09.28"]
[EventDate "2011.09.25"]
[Round "4.5"]
[Result "1/2-1/2"]
[White "Kubra Ozturk"]
[Black "Ana Srebrnic"]
[WhiteElo "2260"]
[BlackElo "2222"]
[PlyCount "77"]

1. d4 Nf6 2. c4 g6 3. Nc3 Bg7 4. e4 d6 5. Nf3 O-O 6. Be3 e5
7. dxe5 dxe5 8. Qxd8 Rxd8 9. Nd5 Nxd5 10. cxd5 c6 11. Bc4 cxd5
12. Bxd5 Nc6 13. Ng5 Rd7 14. O-O-O h6 15. Nf3 Ne7 16. Bb3 b6
17. Nd2 Ba6 18. Kb1 Rad8 19. Rhe1 Nc6 20. a3 Nd4 21. Bc4 Bb7
22. f3 Bf8 23. Rc1 Kg7 24. Nf1 Be7 25. Bf2 Bg5 26. Ne3 Rc8
27. Rc3 Rdc7 28. Rec1 Rc5 29. Bd3 Rxc3 30. Rxc3 Rxc3 31. bxc3
Ne6 32. Ng4 Bf6 33. Be3 Nf4 34. Bf1 h5 35. Nxf6 Kxf6 36. g3
Ne6 37. Kc2 Ke7 38. Bc4 Kd6 39. Bxe6 1/2-1/2

[Event "European Club Cup (Women)"]
[Site "Rogaska Slatina SLO"]
[Date "2011.09.29"]
[EventDate "2011.09.25"]
[Round "5.3"]
[Result "1/2-1/2"]
[White "Kubra Ozturk"]
[Black "Valentina Gunina"]
[WhiteElo "2260"]
[BlackElo "2499"]
[PlyCount "192"]

1. d4 d5 2. c4 c6 3. Nf3 Nf6 4. Qb3 dxc4 5. Qxc4 Bf5 6. g3 e6
7. Bg2 Be7 8. O-O O-O 9. e3 Nbd7 10. Nc3 b5 11. Qe2 b4 12. Nb1
Rc8 13. Nbd2 c5 14. h3 h6 15. b3 Bh7 16. Nc4 Nb6 17. Nxb6 Qxb6
18. Bb2 cxd4 19. Bxd4 Qc7 20. Qb2 Be4 21. Ne5 Qb7 22. Bxe4
Nxe4 23. Rfc1 Rfd8 24. Rxc8 Rxc8 25. Rc1 f6 26. Ng6 Bd6
27. Rxc8+ Qxc8 28. Qe2 e5 29. Bb2 Qc6 30. h4 Qd5 31. h5 Ng5
32. f4 exf4 33. gxf4 Ne4 34. Bd4 Kh7 35. Qg4 Qc6 36. Nh4 Qc1+
37. Kh2 Qc2+ 38. Ng2 Ng5 39. Bxf6 gxf6 40. Qd7+ Kg8 41. Qxd6
Nf3+ 42. Kg3 Nd2 43. Qd8+ Kf7 44. Qd7+ Kf8 45. Qd6+ Kf7
46. Qd5+ Ke7 47. Qb7+ Ke8 48. Qa8+ Kd7 49. Qxa7+ Kc8 50. Qa8+
Kc7 51. Qa5+ Kc8 52. Qxb4 Nf1+ 53. Kh3 Qf2 54. Qc5+ Kd7
55. Qd5+ Ke7 56. Qe4+ Kd6 57. Qb4+ Kd7 58. Qb7+ Ke6 59. Qe4+
Kd6 60. Qd3+ Ke7 61. Qh7+ Kd6 62. Qd3+ Ke7 63. Qe4+ Kd6
64. Qd4+ Ke7 65. Qc5+ Kf7 66. Qc7+ Ke6 67. Qc8+ Ke7 68. Qg4
Qg1 69. Qg7+ Ke8 70. Qg6+ Ke7 71. Qh7+ Ke6 72. Qe4+ Kd6
73. Qb4+ Kd7 74. Qb7+ Kd6 75. Qb8+ Ke7 76. Qc7+ Ke8 77. Qc6+
Ke7 78. Qe4+ Kd6 79. Qd3+ Ke7 80. Qe4+ Kd6 81. Qb4+ Kd7
82. Qd4+ Ke7 83. Qa7+ Kd6 84. Qb8+ Ke7 85. Qc7+ Ke8 86. Qc6+
Ke7 87. Qc5+ Kd7 88. Qf5+ Kc7 89. Qc5+ Kd7 90. Qd4+ Ke7
91. Qa7+ Kd6 92. Qb6+ Ke7 93. Qc5+ Kd7 94. Qd5+ Ke7 95. Qe4+
Kd6 96. Qd4+ Ke7 1/2-1/2

[Event "European Club Cup (Women)"]
[Site "Rogaska Slatina SLO"]
[Date "2011.09.30"]
[EventDate "2011.09.25"]
[Round "6.4"]
[Result "1/2-1/2"]
[White "Kubra Ozturk"]
[Black "Elena Sedina"]
[WhiteElo "2260"]
[BlackElo "2337"]
[PlyCount "123"]

1. d4 d5 2. c4 c6 3. Nf3 Nf6 4. Qb3 dxc4 5. Qxc4 Bg4 6. Nbd2
Nbd7 7. g3 e6 8. Bg2 Be7 9. O-O O-O 10. e4 Rc8 11. b3 c5
12. Bb2 Bxf3 13. Bxf3 cxd4 14. Qxd4 Bc5 15. Qd3 Ne5 16. Qxd8
Nxf3+ 17. Nxf3 Rfxd8 18. Rae1 Bb4 19. Re2 Bc3 20. Bc1 h6
21. h4 Ng4 22. Kg2 Rd3 23. Rc2 Rdd8 24. Ba3 Ba5 25. Rfc1 Rxc2
26. Rxc2 Bb6 27. e5 Rd5 28. Bd6 f6 29. Rc8+ Kh7 30. exf6 gxf6
31. Be7 Kg7 32. Bb4 Nxf2 33. Re8 Nd3 34. Bd2 Kf7 35. Rb8 h5
36. Rxb7+ Kg6 37. Kf1 e5 38. Ke2 e4 39. Ne1 Kf5 40. Ng2 Ke6
41. b4 Rf5 42. Be3 Bxe3 43. Kxe3 Rf3+ 44. Kxe4 Rxg3 45. Ne3
Ne5 46. Re7+ Kxe7 47. Nf5+ Kd7 48. Nxg3 Ng6 49. Nxh5 Kc6
50. Nxf6 Nxh4 51. a4 Ng6 52. Kd4 Ne7 53. Kc4 a6 54. Ne4 Nc8
55. Nf2 Nd6+ 56. Kd4 Nf5+ 57. Kc3 Nd6 58. Nd3 Kb6 59. Kd4 a5
60. Kd5 Nb5 61. axb5 Kxb5 62. bxa5 1/2-1/2

[Event "European Team Championship (Women)"]
[Site "Porto Carras GRE"]
[Date "2011.11.05"]
[EventDate "?"]
[Round "3.2"]
[Result "1/2-1/2"]
[White "Kubra Ozturk"]
[Black "Katerina Nemcova"]
[WhiteElo "2239"]
[BlackElo "2276"]
[PlyCount "65"]

1. d4 Nf6 2. c4 e6 3. Nc3 Bb4 4. e3 d5 5. Ne2 O-O 6. a3 Be7
7. Nf4 c6 8. cxd5 exd5 9. Bd3 Bd6 10. O-O Nbd7 11. b4 Re8
12. b5 Nf8 13. a4 Qc7 14. bxc6 bxc6 15. g3 Bxf4 16. exf4 Bh3
17. Re1 Rxe1+ 18. Qxe1 Re8 19. Be3 Ng6 20. Bf1 Bxf1 21. Qxf1
Ne7 22. Qd3 Qd7 23. f3 Nf5 24. Bf2 Nd6 25. a5 Nc4 26. a6 Qc8
27. Qb1 Nd2 28. Qd1 Nc4 29. Qb1 Nd2 30. Qd3 Nc4 31. Qb1 Nd2
32. Qd3 Nc4 33. Qb1 1/2-1/2

[Event "FIDE Women's World Team Championship"]
[Site "Mardin TUR"]
[Date "2011.12.18"]
[EventDate "2011.12.18"]
[Round "1"]
[Result "0-1"]
[White "Zhao Xue"]
[Black "Kubra Ozturk"]
[WhiteElo "2541"]
[BlackElo "2239"]
[PlyCount "92"]

1. d4 d5 2. c4 dxc4 3. e4 e5 4. Nf3 Bb4+ 5. Bd2 Bxd2+ 6. Nbxd2
exd4 7. Bxc4 Nc6 8. O-O Qf6 9. e5 Qg6 10. Qb3 Nge7 11. Qa3 O-O
12. b4 a6 13. Rfe1 Be6 14. Bd3 Qh6 15. Qb2 Nd5 16. Be4 Rad8
17. Nf1 Ndxb4 18. a3 Nd5 19. Ng3 Nc3 20. Bxc6 bxc6 21. Nxd4
Na4 22. Qb4 c5 23. Qxa4 cxd4 24. Qc6 d3 25. Re3 d2 26. Qf3 Qg6
27. h3 Rd4 28. Rd1 Rfd8 29. Rc3 h6 30. Kh2 c5 31. Qe3 c4
32. Nf1 Rd3 33. Rxd2 Bd5 34. f3 Rxe3 35. Nxe3 Qg5 36. Nxc4
Bxc4 37. Rxd8+ Qxd8 38. Rxc4 Qe7 39. a4 Qxe5+ 40. Kg1 Qe1+
41. Kh2 Kh7 42. Re4 Qd1 43. Rc4 g5 44. h4 Qd5 45. Re4 f5
46. Re2 Qd6+ 0-1

[Event "FIDE Women's World Team Championship"]
[Site "Mardin TUR"]
[Date "2011.12.19"]
[EventDate "2011.12.18"]
[Round "2"]
[Result "1/2-1/2"]
[White "Kubra Ozturk"]
[Black "Tania Sachdev"]
[WhiteElo "2239"]
[BlackElo "2428"]
[PlyCount "87"]

1. d4 Nf6 2. c4 e6 3. Nf3 b6 4. g3 Bb4+ 5. Bd2 c5 6. Bg2 Bb7
7. O-O O-O 8. Bg5 cxd4 9. Qxd4 Nc6 10. Qd3 h6 11. Bf4 d5
12. Ne5 Nxe5 13. Bxe5 Nd7 14. Bc3 Bxc3 15. Qxc3 Rc8 16. Nd2
Qe7 17. Qe3 Nf6 18. Rac1 Rfd8 19. a3 d4 20. Qd3 Bxg2 21. Kxg2
e5 22. f3 a5 23. Rfd1 Nd7 24. Ne4 Nc5 25. Nxc5 bxc5 26. h4 Rb8
27. Rc2 Rb6 28. Qe4 Rdb8 29. Rdd2 Rb3 30. Qc6 f5 31. Rd3 Rxb2
32. Rxb2 Rxb2 33. Qc8+ Qf8 34. Qe6+ Qf7 35. Qxe5 Qxc4 36. h5
Qf7 37. Qxc5 Rxe2+ 38. Kf1 Qe6 39. Qxd4 Re1+ 40. Kg2 Re2+
41. Kh3 Qf7 42. Qd5 Re6 43. Kg2 a4 44. Kf1 1/2-1/2

[Event "FIDE Women's World Team Championship"]
[Site "Mardin TUR"]
[Date "2011.12.20"]
[EventDate "2011.12.18"]
[Round "3"]
[Result "0-1"]
[White "Inna Gaponenko"]
[Black "Kubra Ozturk"]
[WhiteElo "2435"]
[BlackElo "2239"]
[PlyCount "98"]

1. c4 e5 2. g3 Nf6 3. Bg2 d5 4. cxd5 Nxd5 5. Nf3 Nc6 6. O-O
Nb6 7. Nc3 Be7 8. a3 Be6 9. b4 a5 10. b5 Nd4 11. Rb1 f6 12. d3
O-O 13. Nd2 Rb8 14. e3 Nf5 15. Nb3 a4 16. Na5 Nd6 17. Bd2 Qd7
18. Qc2 Rfd8 19. Rb2 Kh8 20. Rfb1 Ra8 21. Nxb7 Nxb7 22. Bxb7
Rab8 23. Bc6 Qxd3 24. Qxd3 Rxd3 25. Be4 Rdd8 26. Bc1 Bxa3
27. Rd2 Rxd2 28. Bxd2 Rd8 29. Bc1 Bxc1 30. Rxc1 Bb3 31. Kf1 g6
32. Ke1 f5 33. Bc2 Bxc2 34. Rxc2 Kg7 35. Na2 Rd7 36. Nb4 e4
37. f3 exf3 38. Kf2 Kf6 39. Kxf3 Re7 40. Nc6 Re4 41. Nd4 Nd5
42. Rc6+ Ke7 43. Nc2 Kd7 44. h3 Nb6 45. Nd4 a3 46. Rc1 Nd5
47. Nc2 Rc4 48. Ke2 a2 49. Kd3 Nb4+ 0-1

[Event "FIDE Women's World Team Championship"]
[Site "Mardin TUR"]
[Date "2011.12.21"]
[EventDate "2011.12.18"]
[Round "4"]
[Result "1/2-1/2"]
[White "Anzel Solomons"]
[Black "Kubra Ozturk"]
[WhiteElo "1926"]
[BlackElo "2239"]
[PlyCount "95"]

1. d4 d5 2. Nf3 c5 3. e3 Nc6 4. b3 Bg4 5. Be2 e6 6. O-O Nf6
7. Nbd2 Bd6 8. Bb2 cxd4 9. exd4 O-O 10. Ne5 Bxe2 11. Qxe2 Rc8
12. c4 dxc4 13. Ndxc4 Nd5 14. Rac1 Be7 15. g3 Nf6 16. Nxc6
Rxc6 17. Ne5 Ra6 18. Ba1 Qd5 19. Rc2 Ne4 20. Nd3 f5 21. f3 Ng5
22. Nf4 Qd7 23. h4 Nf7 24. Rd1 Rd8 25. d5 Rd6 26. Rcd2 exd5
27. Rxd5 Qe8 28. Rxd6 Bxd6 29. Qxe8+ Rxe8 30. Nh5 Be5 31. Bxe5
Nxe5 32. Kf2 Kf7 33. Nf4 Rc8 34. Ke3 g6 35. Rd2 h6 36. Nd3 Nc6
37. f4 Kf6 38. Nc5 b6 39. Nd3 Re8+ 40. Kf2 Rd8 41. Ke3 g5
42. Rc2 gxf4+ 43. Nxf4 Re8+ 44. Kf2 Ne5 45. Nd5+ Kg6 46. Nf4+
Kf6 47. Nd5+ Kg6 48. Nf4+ 1/2-1/2

[Event "FIDE Women's World Team Championship"]
[Site "Mardin TUR"]
[Date "2011.12.22"]
[EventDate "2011.12.18"]
[Round "5"]
[Result "1/2-1/2"]
[White "Kubra Ozturk"]
[Black "Lilit Mkrtchian"]
[WhiteElo "2239"]
[BlackElo "2469"]
[PlyCount "114"]

1. d4 Nf6 2. c4 e6 3. Nf3 b6 4. g3 Ba6 5. b3 b5 6. cxb5 Bxb5
7. Bg2 d5 8. O-O Nbd7 9. Nc3 Ba6 10. Bf4 Rc8 11. Ne5 Nxe5
12. Bxe5 Nd7 13. Bf4 Be7 14. Rc1 O-O 15. Be3 c5 16. f4 cxd4
17. Bxd4 Bc5 18. Re1 Qb6 19. e3 Bxd4 20. Qxd4 Nc5 21. Bf1 Bxf1
22. Rxf1 Rfd8 23. Rf2 Rc7 24. Rfc2 Rdc8 25. Ne2 Qd6 26. Qe5
Qxe5 27. fxe5 Na6 28. Rxc7 Rxc7 29. Rxc7 Nxc7 30. Nd4 Kf8
31. Kf2 Ke8 32. g4 h6 33. b4 a6 34. a4 Kd7 35. h4 Ne8 36. g5
hxg5 37. hxg5 g6 38. Ke2 Kc7 39. Kd3 Kb6 40. Nb3 Ng7 41. e4
dxe4+ 42. Kxe4 Nf5 43. Nd2 Kc6 44. Nf3 Ne7 45. Nd4+ Kb7
46. Kd3 Nd5 47. Kc4 Nb6+ 48. Kc5 Kc7 49. b5 Nd7+ 50. Kb4 Nxe5
51. bxa6 Kb6 52. a7 Kxa7 53. Kc5 Nd3+ 54. Kd6 Nf2 55. Ke7 Ne4
56. Kxf7 Nxg5+ 57. Kxg6 Ne4 1/2-1/2

[Event "FIDE Women's World Team Championship"]
[Site "Mardin TUR"]
[Date "2011.12.24"]
[EventDate "2011.12.18"]
[Round "6"]
[Result "1-0"]
[White "Hoang Thi Bao Tram"]
[Black "Kubra Ozturk"]
[WhiteElo "2341"]
[BlackElo "2239"]
[PlyCount "55"]

1. d4 d5 2. Nf3 Nf6 3. c4 dxc4 4. e3 e6 5. Bxc4 a6 6. O-O b5
7. Be2 Bb7 8. a4 b4 9. Nbd2 Nbd7 10. b3 Be7 11. Bb2 O-O
12. Rc1 c5 13. Nc4 Ne4 14. Qc2 cxd4 15. Bxd4 Bc5 16. Rfd1 Bd5
17. Nfd2 Nxd2 18. Qxd2 Bxd4 19. Qxd4 f5 20. f3 Qf6 21. Na5 Qg6
22. Qxb4 Rab8 23. Qd6 Rf7 24. Rc7 Rd8 25. Nc6 Rb8 26. Na5 Rd8
27. Nc6 Bxc6 28. Qxc6 1-0

[Event "FIDE Women's World Team Championship"]
[Site "Mardin TUR"]
[Date "2011.12.25"]
[EventDate "2011.12.18"]
[Round "7"]
[Result "1-0"]
[White "Kubra Ozturk"]
[Black "Tatiana Kosintseva"]
[WhiteElo "2239"]
[BlackElo "2526"]
[PlyCount "73"]

1. d4 Nf6 2. c4 e6 3. Nf3 c5 4. g3 cxd4 5. Nxd4 d5 6. Bg2 e5
7. Nf3 d4 8. O-O Nc6 9. e3 Be7 10. exd4 exd4 11. a3 Be6 12. b3
Qd7 13. Bb2 Rd8 14. Nbd2 a5 15. Re1 O-O 16. Ne5 Nxe5 17. Rxe5
Qc7 18. Re1 Bc5 19. Qf3 Rd7 20. h3 Rfd8 21. g4 h6 22. Bf1 Ba7
23. Bd3 Bb8 24. Nf1 Nh7 25. Ng3 Ng5 26. Qg2 Qb6 27. Bc1 Qxb3
28. Bxg5 hxg5 29. Qe4 Bxg3 30. Qh7+ Kf8 31. fxg3 Ke7 32. Qf5
Qb6 33. Rab1 Qd6 34. Qxg5+ Kf8 35. Qh4 Qxa3 36. Rxe6 fxe6
37. Rf1+ 1-0

[Event "FIDE Women's World Team Championship"]
[Site "Mardin TUR"]
[Date "2011.12.26"]
[EventDate "2011.12.18"]
[Round "8"]
[Result "1-0"]
[White "Marina Makropoulou"]
[Black "Kubra Ozturk"]
[WhiteElo "2201"]
[BlackElo "2239"]
[PlyCount "125"]

1. e4 e5 2. Nf3 Nc6 3. Bb5 a6 4. Ba4 d6 5. c3 Bd7 6. O-O Nf6
7. Bc2 g6 8. d4 Bg7 9. Nbd2 O-O 10. Re1 Nh5 11. Nf1 Bg4 12. d5
Ne7 13. h3 Bxf3 14. Qxf3 f5 15. Qd1 f4 16. Nh2 Nf6 17. c4 g5
18. Rb1 Qe8 19. b4 Qg6 20. c5 h5 21. f3 Bh6 22. Rb3 Kh8
23. Rc3 Rf7 24. Qe2 Rg8 25. Bd2 Rfg7 26. Rf1 Qe8 27. Bd1 Qg6
28. Bc2 Qe8 29. Bd1 g4 30. fxg4 Qg6 31. Rc4 hxg4 32. Nxg4 Nxg4
33. hxg4 Bg5 34. Rc3 Rh7 35. Rh3 Rg7 36. Rxh7+ Rxh7 37. Rf3
Ng8 38. Be1 Nf6 39. Rh3 Rxh3 40. gxh3 dxc5 41. Bc3 Qxe4
42. Qxe4 Nxe4 43. Bxe5+ Kg8 44. bxc5 Nxc5 45. Bxc7 Kf7 46. Bc2
b5 47. Kg2 b4 48. Bd6 Be7 49. Bxf4 a5 50. Be3 Nd7 51. Ba4 Bc5
52. Bxd7 Bxe3 53. h4 Ke7 54. Bc6 Kd6 55. Kf3 Ke7 56. Kg2 Kd6
57. Kf3 Bd2 58. Ke4 Be1 59. h5 Bd2 60. Kf5 a4 61. Bxa4 Kxd5
62. g5 Kd6 63. Ke4 1-0

[Event "FIDE Women's World Team Championship"]
[Site "Mardin TUR"]
[Date "2011.12.27"]
[EventDate "2011.12.18"]
[Round "9"]
[Result "1-0"]
[White "Kubra Ozturk"]
[Black "Bela Khotenashvili"]
[WhiteElo "2239"]
[BlackElo "2497"]
[PlyCount "87"]

1. d4 g6 2. c4 Bg7 3. Nf3 c5 4. Nc3 cxd4 5. Nxd4 Nc6 6. Nc2 d6
7. Bd2 Nf6 8. e4 Be6 9. Be2 Rc8 10. O-O O-O 11. b3 a6 12. f4
b5 13. cxb5 axb5 14. Bf3 Bd7 15. Rc1 Qb6+ 16. Kh1 Rfe8 17. Qe2
b4 18. Na4 Qb8 19. Qe1 e5 20. fxe5 dxe5 21. Nc5 Bf8 22. Nxd7
Nxd7 23. Be2 Nd4 24. Bc4 Rxc4 25. bxc4 Nxc2 26. Rxc2 Nc5
27. Bg5 h6 28. Be3 Qb7 29. Bxc5 Bxc5 30. Qh4 h5 31. Rd2 Bd4
32. Rd3 Qc7 33. Rg3 Qxc4 34. Qf6 Qe6 35. Qf3 h4 36. Rh3 Qxa2
37. Qf6 Qe6 38. Qxh4 Kf8 39. Rhf3 Kg7 40. Rh3 Kf8 41. Rf6 Qd7
42. Qh6+ Ke7 43. Qg5 Rf8 44. Ra6+ 1-0

[Event "European Individual Women's Championship"]
[Site "Gaziantep TUR"]
[Date "2012.03.03"]
[EventDate "2012.03.02"]
[Round "2"]
[Result "1-0"]
[White "Svetlana Bezgodova"]
[Black "Kubra Ozturk"]
[WhiteElo "2109"]
[BlackElo "2314"]
[PlyCount "141"]

1. Nf3 d5 2. d3 Nf6 3. Nbd2 c5 4. e4 Nc6 5. Be2 e5 6. O-O Be7
7. c3 O-O 8. a3 a5 9. a4 Qc7 10. Re1 Re8 11. exd5 Nxd5 12. Nc4
Bf5 13. Qb3 Rad8 14. Bf1 Bf6 15. Be3 b6 16. Rad1 h6 17. Bc1
Re6 18. Nfd2 g5 19. Nb1 Nce7 20. Nba3 Ng6 21. Nc2 Ndf4 22. Re3
h5 23. Ne1 h4 24. Nf3 g4 25. Nfd2 Bxd3 26. Ne4 Bxe4 27. Rxe4
Qc6 28. Ree1 Rxd1 29. Qxd1 h3 30. Qxg4 hxg2 31. Bxg2 Nxg2
32. Qxg2 Qxa4 33. Ne3 Qc6 34. Qg4 Kf8 35. Nf5 Ne7 36. Bh6+ Ke8
37. Rd1 Ng6 38. Bg5 Qc7 39. h4 Ne7 40. Ng3 Bxg5 41. hxg5 Qc6
42. Ne4 Rg6 43. Qh4 Ng8 44. Ng3 Qf3 45. Re1 Kf8 46. Rxe5 Rd6
47. Re3 Rd1+ 48. Nf1 Qf5 49. Qh5 Qb1 50. Qe2 Rd5 51. f4 Kg7
52. Kg2 Rd1 53. Ng3 Qc1 54. Nf5+ Kg6 55. Nh4+ Kg7 56. Nf3 Rd5
57. Kg3 a4 58. c4 Rd6 59. f5 Qb1 60. Re5 Qd3 61. f6+ Kg6
62. Qxd3+ Rxd3 63. Kg4 Nxf6+ 64. gxf6 Kxf6 65. Rf5+ Ke6
66. Ng5+ Kd7 67. Rxf7+ Ke8 68. Rb7 Rd4+ 69. Kf5 Rd2 70. Rxb6
Kd8 71. Ne6+ 1-0

[Event "European Individual Women's Championship"]
[Site "Gaziantep TUR"]
[Date "2012.03.04"]
[EventDate "2012.03.02"]
[Round "3"]
[Result "1-0"]
[White "Kubra Ozturk"]
[Black "Roberta Messina"]
[WhiteElo "2314"]
[BlackElo "1957"]
[PlyCount "77"]

1. Nf3 Nf6 2. c4 d5 3. cxd5 Nxd5 4. e4 Nb6 5. d4 Bg4 6. Be3 e5
7. Bb5+ c6 8. Be2 Bb4+ 9. Nc3 exd4 10. Bxd4 O-O 11. O-O Qe7
12. Qc2 N8d7 13. a3 Bc5 14. b4 Bxd4 15. Nxd4 Bxe2 16. Ncxe2
Rfe8 17. Ng3 Nf6 18. Rae1 Qd7 19. Ndf5 Rad8 20. e5 Ng4 21. Qe4
Nxe5 22. Nxg7 Kxg7 23. Nh5+ Kh8 24. Nf6 Ng6 25. Qxe8+ Rxe8
26. Rxe8+ Qxe8 27. Nxe8 Nc4 28. Rc1 Nxa3 29. Nd6 Nf4 30. Ra1
Nc2 31. Rxa7 Nxb4 32. Rxb7 Nbd5 33. g3 Ne2+ 34. Kf1 Nd4
35. Rxf7 Kg8 36. Ra7 c5 37. Ne4 c4 38. Rd7 c3 39. Rxd5 1-0

[Event "European Individual Women's Championship"]
[Site "Gaziantep TUR"]
[Date "2012.03.05"]
[EventDate "2012.03.02"]
[Round "4"]
[Result "0-1"]
[White "Ekaterina Averchenko"]
[Black "Kubra Ozturk"]
[WhiteElo "2126"]
[BlackElo "2314"]
[PlyCount "128"]

1. e4 e5 2. Nf3 Nc6 3. Bc4 Nf6 4. d3 Be7 5. O-O O-O 6. Bb3 d6
7. c3 Na5 8. Bc2 c5 9. Nbd2 Nc6 10. Re1 Qc7 11. Nf1 Be6
12. Ng3 d5 13. Qe2 d4 14. h3 h6 15. Nh4 Kh7 16. Rf1 g6 17. f4
Ng8 18. Nf3 exf4 19. Nh1 Nf6 20. Qd2 g5 21. Qe2 Ne5 22. Nf2
Rg8 23. Bb3 Nxf3+ 24. Qxf3 Qe5 25. Bxe6 Qxe6 26. c4 Bd6
27. Ng4 Nxg4 28. hxg4 Be5 29. Kf2 Kg7 30. Rh1 Rh8 31. Rh5 b5
32. b3 bxc4 33. bxc4 Qa6 34. Qe2 Qa4 35. Rh1 Rab8 36. Rd1 Rb6
37. Rh1 Rhb8 38. Rd1 Kg6 39. Rd2 Qd7 40. Ba3 Qe7 41. Rb2 Ra6
42. Rxb8 Bxb8 43. Bc1 Qc7 44. Qf3 Qa5 45. Qe2 Rb6 46. Qe1 Qa4
47. Qd2 Be5 48. Kf3 Bc7 49. Kf2 Qd7 50. Qe2 f3 51. gxf3 Qd6
52. f4 gxf4 53. Kf3 Qf6 54. Ba3 Qh4 55. Qg2 Be5 56. Rh1 Qg3+
57. Qxg3 fxg3 58. Rh5 f6 59. Rh1 Ra6 60. Bxc5 Rxa2 61. Rf1 a5
62. Be7 a4 63. c5 a3 64. c6 Rf2+ 0-1

[Event "European Individual Women's Championship"]
[Site "Gaziantep TUR"]
[Date "2012.03.06"]
[EventDate "2012.03.02"]
[Round "5"]
[Result "1-0"]
[White "Kubra Ozturk"]
[Black "Monika Motycakova"]
[WhiteElo "2314"]
[BlackElo "2087"]
[PlyCount "72"]

1. d4 d5 2. c4 c6 3. Nf3 Nf6 4. Nc3 e6 5. Bg5 h6 6. Bxf6 Qxf6
7. e4 dxe4 8. Nxe4 Bb4+ 9. Ke2 Qe7 10. c5 O-O 11. Qa4 e5
12. Qxb4 exd4 13. Qxd4 f5 14. Ne5 fxe4 15. Ng6 Bg4+ 16. Ke1
Qf6 17. Bc4+ Kh7 18. Nxf8+ Qxf8 19. Be2 Be6 20. h4 Nd7 21. Rc1
Nf6 22. Rd1 Re8 23. b3 Bg4 24. Rd2 e3 25. fxe3 Re4 26. Bd3 Bf5
27. Bxe4 Nxe4 28. Rf1 Nxd2 29. Kxd2 Qc8 30. Qf4 Bg6 31. h5
Bxh5 32. Qf5+ Qxf5 33. Rxf5 Bg6 34. Re5 b6 35. b4 bxc5
36. bxc5 Bf7 1-0

[Event "European Individual Women's Championship"]
[Site "Gaziantep TUR"]
[Date "2012.03.07"]
[EventDate "2012.03.02"]
[Round "6"]
[Result "1-0"]
[White "Inna Gaponenko"]
[Black "Kubra Ozturk"]
[WhiteElo "2416"]
[BlackElo "2314"]
[PlyCount "79"]

1. Nf3 d5 2. b3 c5 3. e3 Nc6 4. Bb2 a6 5. d4 Nf6 6. Be2 e6
7. O-O cxd4 8. exd4 Bd6 9. c4 O-O 10. Nbd2 Qe7 11. Re1 Ne4
12. cxd5 exd5 13. Bc4 Ba3 14. Bxa3 Qxa3 15. Nxe4 dxc4 16. d5
Na5 17. Ne5 b5 18. bxc4 Nxc4 19. Nxc4 bxc4 20. Qd4 Qd3
21. Qxd3 cxd3 22. Rad1 Bf5 23. Ng3 Bd7 24. Rxd3 f5 25. f3 Rac8
26. Rd2 Kf7 27. Kf2 Rc5 28. d6 Re8 29. Rxe8 Kxe8 30. Nh5 Kf7
31. Re2 Bb5 32. Re7+ Kg6 33. Nf4+ Kf6 34. Nh5+ Kg6 35. g4 Kh6
36. Nxg7 f4 37. Ne6 Rc2+ 38. Ke1 Re2+ 39. Kd1 Re3 40. g5+ 1-0